Statistics for Word Puzzles - U.S. Cities #2

Click here to take the quiz!

General Stats

  • This quiz has been taken 6,560 times
  • The average score is 11 of 20

Answer Stats

Word Puzzle Solution U.S. City % Correct
Not near + Pass to collect $200Far + GoFargo
87%
What an eye does + @ + Musician JethroSee + At + TullSeattle
84%
Has ventricles and atriums + Model THeart + FordHartford
82%
Where flour is made + Stroll + Fifth letterMill + Walk + EMilwaukee
79%
Palin or Silverman + Midwesterners call it popSarah + SodaSarasota
73%
What a cold person says + Chinese dynasty + Green eggs companionBrr + Ming + HamBirmingham
72%
Old Saint Nick + Actress DunawaySanta + FayeSanta Fe
68%
Car lifting device + Male childJack + SonJackson
67%
Spherical object + Horton of Canadian coffee + Not lessBall + Tim + MoreBaltimore
66%
Bag + Egyptian sun god + "Freshmaker" candySack + Ra + MentoSacramento
60%
What one says upon seeing a kitten + Brief strong wind + British for "Thanks"Aww + Gust + TaAugusta
59%
Not me + Unit of genetic materialYou + GeneEugene
51%
To pull a vehicle + What Pikachu saysTow + PikaTopeka
46%
Yoga vocalization + Eureka!Om + AhaOmaha
44%
What a cheerleader says + U.S. President ArthurRah + ChesterRochester
42%
Flat land with few trees + Opposite of yesPlain + NoPlano
39%
Half of the Rescue Rangers + Female equivalent of ladDale + LassDallas
37%
Overpriced speaker brand + Adult maleBose + ManBozeman
27%
What a trial lawyer does + To use a chair + Fifth letterSue + Sit + ESioux City
23%
Arugula, frisée, etc... + Spanish donkeyGreens + BurroGreensboro
20%

Score Distribution

Percentile by Number Answered

Percent of People with Each Score

Your Score History

You have not taken this quiz